000 00814nam a22002777a 4500
001 BR9902232
003 BR-BrBNA
005 20230928100345.0
007 ta
008 230509b bl.||||| |||| 00| 0 por d
040 _aBR-BrBNA
_bpor
_cBiblioteca Nacional de Agricultura
041 _a(Por)
072 _aE50
090 _ E50 BR9902232
110 1 _aEmpresa de Assistencia Tecnica e Extensao Rural do Estado de Minas Gerais, Belo Horizonte (Brasil)
245 1 _aEnsaio sobre medidas sanitarias de emergencia para prevencao da colera
260 3 _aBelo Horizonte, MG (Brasil):
_c1991.
300 _a26 p.
650 _aSaneamento Rural
650 _aHigiene
650 _aProfilaxia
650 _aSaude Publica
650 _aMinas Gerais
909 _a202309
_bLucia
_c55
_dLucia Elande
942 _cBK
999 _c61042
_d61042